Puthiya rubberinagal bhaviyude vagdaanam (Record no. 72801)

MARC details
000 -LEADER
fixed length control field 00289nam a2200121Ia 4500
100 ## - MAIN ENTRY--AUTHOR NAME
Personal name Varghese Y A
245 #0 - TITLE STATEMENT
Title Puthiya rubberinagal bhaviyude vagdaanam
260 ## - PUBLICATION, DISTRIBUTION, ETC. (IMPRINT)
Name of publisher Rubber
Year of publication 2007
300 ## - PHYSICAL DESCRIPTION
Number of Pages 6-8.
700 ## - ADDED ENTRY--PERSONAL NAME
Personal name Jacob C K
942 ## - ADDED ENTRY ELEMENTS (KOHA)
Koha item type Malayalam
Holdings
Withdrawn status Lost status Damaged status Not for loan Home library Current library Date acquired Serial Enumeration / chronology Koha item type
      Journals RRII Library RRII Library 29/12/2021 Volume 496, Issue July Malayalam